Zhongguo dao zhong zi yuan mu lu /

Saved in:
Bibliographic Details
Corporate Author: Zhongguo nong ye ke xue yuan. Pin zhong zi yuan yan jiu suo.
Format: Book
Language:Chinese
Published: Beijing : Nong ye chu ban she, 1992.
Edition:Di 1 ban.
Subjects:
Tags: Add Tag
No Tags, Be the first to tag this record!
LEADER 01004cam a2200253 a 4500
001 003473286-1
005 20024617105648.0
008 930601s1992 cc 000 0 chi d
020 |a 7109001695 (set) 
035 0 |a ocm28185842 
040 |a HkUST  |c HkUST  |d MH-HY  |d CStRLIN 
050 0 0 |a SB191.R5  |b C5828 1992 
245 0 0 |6 880-01  |a Zhongguo dao zhong zi yuan mu lu /  |c Zhongguo nong ye ke xue yuan zuo wu pin zhong zi yuan yan jiu suo zhu bian. 
250 |6 880-02  |a Di 1 ban. 
260 |6 880-03  |a Beijing :  |b Nong ye chu ban she,  |c 1992. 
300 |a 2 v. (2, 2, 2196 p.) ;  |c 26 cm. 
650 0 |a Rice  |z China  |x Varieties. 
710 2 |6 880-04  |a Zhongguo nong ye ke xue yuan.  |b Pin zhong zi yuan yan jiu suo. 
880 0 0 |6 245-01  |a 中国稻种资源目录 /  |c 中国农 业科学院作物品种资源硏究所主编. 
880 |6 250-02  |a 第1版. 
880 |6 260-03  |a 北京 :  |b 农业出版社,  |c 1992. 
880 2 |6 710-04  |a 中国农业科学院.  |b 作物品种资源硏究所. 
988 |a 20021103 
906 |0 OCLC